| 000 | 01049nam a22003137a 4500 | ||
|---|---|---|---|
| 001 | BR0200892 | ||
| 003 | BR-BrBNA | ||
| 005 | 20230928101001.0 | ||
| 007 | ta | ||
| 008 | 230509b bl.||||| |||| 00| 0 por d | ||
| 040 |
_aBR-BrBNA _bpor _cBiblioteca Nacional de Agricultura |
||
| 041 | _a(Por) | ||
| 072 |
_aE71 _b5213 _b9702 |
||
| 090 | _ 5213 BR0200892 | ||
| 100 | 1 | _aMichels, I.L. | |
| 110 | 1 |
_aUniversidade de Sao Paulo, Sao Paulo (Brasil). Depto. de Geografia _0Tese (Doutor em Geagrafia) _910519 |
|
| 245 | 1 | _aA bovinocultura de corte brasileira e o mercado externo: regioes sanitarias e a cadeia produtiva da carne bovina de Mato Grosso do Sul | |
| 260 | 3 |
_aSao Paulo, SP (Brasil): _c2000. |
|
| 300 | _a321 p. | ||
| 500 | _aSummaries (Eng, Por); Bibliography p. 303-311; 39 tables; 74 illus. | ||
| 650 | _aGado de Corte | ||
| 650 | _aCarne | ||
| 650 | _aMercado Mundial | ||
| 650 | _aProducao de Carne | ||
| 650 | _aInspecao Sanitaria | ||
| 650 | _aMato Grosso do Sul | ||
| 909 |
_a202309 _bLucia _c55 _dLucia Elande |
||
| 942 | _cBK | ||
| 999 |
_c63712 _d63712 |
||